Towards a renewed biblical understanding of health & healing : (Record no. 8671)
[ view plain ]
| 000 -LEADER | |
|---|---|
| fixed length control field | 01676cam a2200445 i 4500 |
| 001 - CONTROL NUMBER | |
| control field | 20096948 |
| 003 - CONTROL NUMBER IDENTIFIER | |
| control field | GBCCL |
| 005 - DATE AND TIME OF LATEST TRANSACTION | |
| control field | 20241126110655.0 |
| 008 - FIXED-LENGTH DATA ELEMENTS--GENERAL INFORMATION | |
| fixed length control field | 170613s2017 ii b 000 0 eng d |
| 010 ## - | |
| -- | 2017329371 |
| 020 ## - INTERNATIONAL STANDARD BOOK NUMBER | |
| International Standard Book Number | 9789351482277 |
| Qualifying information | (HB) |
| 020 ## - INTERNATIONAL STANDARD BOOK NUMBER | |
| International Standard Book Number | 9351482278 |
| Qualifying information | (hardback) |
| 020 ## - INTERNATIONAL STANDARD BOOK NUMBER | |
| International Standard Book Number | 9789351482284 |
| Qualifying information | (PB) |
| 020 ## - INTERNATIONAL STANDARD BOOK NUMBER | |
| International Standard Book Number | 9351482286 |
| 025 ## - OVERSEAS ACQUISITION NUMBER | |
| Overseas acquisition number | I-E-2017329371 ; 13 -91 |
| 035 ## - SYSTEM CONTROL NUMBER | |
| System control number | (OCoLC)on1005612946 |
| 035 ## - SYSTEM CONTROL NUMBER | |
| System control number | (OCoLC)1005612946 |
| 037 ## - SOURCE OF ACQUISITION | |
| Source of stock number/acquisition | Library of Congress -- New Delhi Overseas Office |
| 040 ## - CATALOGING SOURCE | |
| Original cataloging agency | DKAGE |
| Language of cataloging | eng |
| Description conventions | rda |
| Transcribing agency | DKAGE |
| Modifying agency | DLC |
| 042 ## - | |
| -- | lccopycat |
| -- | lcode |
| 050 00 - | |
| -- | BT732 |
| -- | .A538 2017 |
| 082 04 - DEWEY DECIMAL CLASSIFICATION NUMBER | |
| Classification number | 261.8321 |
| Edition information | 23 |
| Item number | AO |
| 100 1# - MAIN ENTRY--PERSONAL NAME | |
| Personal name | Ao, Atula, |
| Dates associated with a name | 1972- |
| Relator term | author. |
| 9 (RLIN) | 15305 |
| 245 10 - TITLE STATEMENT | |
| Title | Towards a renewed biblical understanding of health & healing : |
| Remainder of title | a prophetic response / |
| Statement of responsibility, etc. | Atula Ao. |
| 264 #1 - PRODUCTION, PUBLICATION, DISTRIBUTION, MANUFACTURE, AND COPYRIGHT NOTICE | |
| Place of production, publication, distribution, manufacture | New Delhi : |
| Name of producer, publisher, distributor, manufacturer | Christian World Imprints, |
| Date of production, publication, distribution, manufacture, or copyright notice | 2017. |
| 300 ## - PHYSICAL DESCRIPTION | |
| Extent | xviii, 244 pages ; |
| Dimensions | 24 cm. |
| 336 ## - CONTENT TYPE | |
| Content type term | text |
| Content type code | txt |
| Source | rdacontent |
| 337 ## - MEDIA TYPE | |
| Media type term | unmediated |
| Media type code | n |
| Source | rdamedia |
| 338 ## - CARRIER TYPE | |
| Carrier type term | volume |
| Carrier type code | nc |
| Source | rdacarrier |
| 490 1# - SERIES STATEMENT | |
| Series statement | Biblical hermeneutics rediscovered ; |
| Volume/sequential designation | 8 |
| 504 ## - BIBLIOGRAPHY, ETC. NOTE | |
| Bibliography, etc. note | Includes bibliographical references (pages 227-244). |
| 630 00 - SUBJECT ADDED ENTRY--UNIFORM TITLE | |
| Uniform title | Bible. |
| Name of part/section of a work | Old Testament |
| General subdivision | Criticism, interpretation, etc. |
| 9 (RLIN) | 57 |
| 650 #0 - SUBJECT ADDED ENTRY--TOPICAL TERM | |
| Topical term or geographic name entry element | Health |
| General subdivision | Religious aspects |
| -- | Christianity. |
| 9 (RLIN) | 2565 |
| 650 #0 - SUBJECT ADDED ENTRY--TOPICAL TERM | |
| Topical term or geographic name entry element | Healing |
| General subdivision | Religious aspects |
| -- | Christianity. |
| 9 (RLIN) | 15306 |
| 650 #0 - SUBJECT ADDED ENTRY--TOPICAL TERM | |
| Topical term or geographic name entry element | Diseases |
| General subdivision | Religious aspects |
| -- | Christianity. |
| 9 (RLIN) | 15307 |
| 830 #0 - | |
| -- | Biblical hermeneutics rediscovered ; |
| -- | 8. |
| -- | 15308 |
| 906 ## - LOCAL DATA ELEMENT F, LDF (RLIN) | |
| a | 7 |
| b | cbc |
| c | copycat |
| d | 3 |
| e | ncip |
| f | 20 |
| g | y-gencatlg |
| 942 ## - ADDED ENTRY ELEMENTS (KOHA) | |
| Source of classification or shelving scheme | Dewey Decimal Classification |
| Koha item type | Books |
| Withdrawn status | Lost status | Source of classification or shelving scheme | Damaged status | Not for loan | Home library | Current Library | Shelving location | Date acquired | Total checkouts | Full call number | Barcode | Date last seen | Date last checked out | Copy number | Price effective from | Koha item type |
|---|---|---|---|---|---|---|---|---|---|---|---|---|---|---|---|---|
| Dewey Decimal Classification | GRACE BIBLE COLLEGE | GRACE BIBLE COLLEGE | Ministry & Mission | 2021-08-09 | 1 | 261.8321 AO | 015117 | 2026-02-23 | 2026-02-19 | c.1 | 2021-08-09 | Books | ||||
| Dewey Decimal Classification | GRACE BIBLE COLLEGE | GRACE BIBLE COLLEGE | Ministry & Mission | 2021-08-09 | 261.8321 AO | 015118 | 2025-05-01 | c.2 | 2021-08-09 | Books |